[Event "Baku Open 2013"]
[Site "Baku AZE"]
[Date "2013.09.20"]
[Round "2.7"]
[White "Rogozenco, Dorian"]
[Black "Shimanov, Aleksandr"]
[Result "1/2-1/2"]
[WhiteTitle "GM"]
[BlackTitle "GM"]
[WhiteElo "2515"]
[BlackElo "2655"]
[WhiteFideId "1210319"]
[BlackFideId "4198603"]
[EventDate "2013.09.19"]

1. c4 g6 2. Nc3 Bg7 3. d4 Nf6 4. e4 O-O 5. Be2 d6 6. Bg5 Na6 7. f4 c6 8. Nf3 Nc7
9. Bh4 Ne6 10. Qd2 d5 11. Bxf6 exf6 12. exd5 cxd5 13. Nxd5 b5 14. O-O bxc4 15.
Bxc4 f5 16. Rad1 Bb7 17. Nc3 Bxf3 18. Rxf3 Bxd4+ 19. Kf1 Bxc3 20. Qxd8 Rfxd8 21.
Rxd8+ Rxd8 22. bxc3 Nc5 23. Re3 Kf8 24. Bb3 Ne4 25. Ke1 h5 26. g3 Rc8 27. c4 Ke7
28. Rd3 Nc5 29. Rd5 h4 30. gxh4 Ne6 31. Ra5 Rc7 32. h5 Nxf4 33. hxg6 fxg6 34.
Ra6 Nd3+ 35. Ke2 Ne5 36. Ke3 g5 37. h3 Rd7 38. c5 Kd8 39. Rf6 Rd3+ 40. Kf2 f4
41. Rf5 Rf3+ 42. Ke2 Re3+ 43. Kf1 Nd3 44. Bc4 Re1+ 1/2-1/2

[Event "Baku Open 2013"]
[Site "Baku AZE"]
[Date "2013.09.20"]
[Round "2.10"]
[White "Guseinov, Gadir"]
[Black "Rasulov, Vugar"]
[Result "0-1"]
[WhiteTitle "GM"]
[BlackTitle "GM"]
[WhiteElo "2616"]
[BlackElo "2488"]
[WhiteFideId "13401378"]
[BlackFideId "13402390"]
[EventDate "2013.09.19"]

1. e4 c5 2. Nf3 d6 3. d4 cxd4 4. Nxd4 Nf6 5. Nc3 a6 6. Be3 e6 7. g3 b5 8. a3 Bb7
9. Bg2 Nbd7 10. Qe2 Rc8 11. O-O Ne5 12. Rad1 Qc7 13. Bc1 Nc4 14. b3 Na5 15. Nd5
exd5 16. exd5+ Be7 17. Nf5 Kf8 18. Qd2 Qxc2 19. Nxe7 Nxb3 20. Qf4 Kxe7 21. Rfe1+
Kf8 22. Qxd6+ Kg8 23. Qe7 Nxc1 24. Rxc1 Qxc1 25. Rxc1 Rxc1+ 26. Bf1 h5 27. Qxb7
g6 28. Qxa6 Kg7 29. Qxb5 Re8 30. Kg2 Ree1 31. Bd3 Rg1+ 32. Kh3 Rc3 33. Bc4 Ne4
34. d6 Nxf2+ 35. Kh4 Re1 36. Be2 Re3 37. Bxh5 Re5 38. Qb2 g5# 0-1

[Event "Baku Open 2013"]
[Site "Baku AZE"]
[Date "2013.09.20"]
[Round "2.12"]
[White "Mamedov, Nidjat"]
[Black "Pourkashiyan, Atousa"]
[Result "1-0"]
[WhiteTitle "GM"]
[BlackTitle "WGM"]
[WhiteElo "2609"]
[BlackElo "2303"]
[WhiteFideId "13400819"]
[BlackFideId "12502014"]
[EventDate "2013.09.19"]

1. e4 e5 2. Nf3 Nf6 3. d3 Nc6 4. Be2 d5 5. Nbd2 Bc5 6. O-O O-O 7. c3 Re8 8. b4
Bf8 9. Bb2 Bg4 10. h3 Bxf3 11. Bxf3 d4 12. Qb1 dxc3 13. Bxc3 Nd4 14. a4 c5 15.
b5 Nxf3+ 16. Nxf3 Bd6 17. Nd2 Nd7 18. Nc4 Nf8 19. Qa2 Ne6 20. g3 Bc7 21. Rad1
Ng5 22. Kg2 Qd7 23. Rh1 h6 24. Qb3 Rad8 25. a5 Bb8 26. Bb2 Kh8 27. Ne3 Ne6 28.
Rd2 Kh7 29. Ba1 Rc8 30. Nc4 f6 31. b6 a6 32. h4 Nd8 33. h5 Nc6 34. Bc3 Qe6 35.
Qd1 Rcd8 36. Qf3 Rc8 37. Qe3 Ne7 38. Bb2 Rc6 39. Ba3 Rec8 40. Rc1 Qg4 41. Qf3
Qd7 42. Rdc2 f5 43. Bb2 1-0

[Event "Baku Open 2013"]
[Site "Baku AZE"]
[Date "2013.09.20"]
[Round "2.15"]
[White "Mchedlishvili, Mikheil"]
[Black "Boruchovsky, Avital"]
[Result "1/2-1/2"]
[WhiteTitle "GM"]
[BlackTitle "IM"]
[WhiteElo "2633"]
[BlackElo "2461"]
[WhiteFideId "13600966"]
[BlackFideId "2800055"]
[EventDate "2013.09.19"]

1. d4 Nf6 2. c4 e6 3. Nc3 Bb4 4. Qc2 O-O 5. a3 Bxc3+ 6. Qxc3 d5 7. Bg5 c5 8.
dxc5 d4 9. Qg3 Nbd7 10. Nf3 e5 11. e3 Re8 12. O-O-O Nxc5 13. Nxe5 Bf5 14. b4 Ne6
15. Nf3 d3 16. Bxf6 Qxf6 17. Qe5 Qg6 18. Qc3 a5 19. Nh4 axb4 20. axb4 Qg4 21.
Nxf5 Qxf5 22. Bxd3 Qxf2 23. Rd2 Qh4 24. Kb2 Nd8 25. g3 Qe7 26. Bf5 Qg5 27. e4 g6
28. h4 Qh6 29. Bd7 Rxe4 30. Rhd1 Qf8 31. Rd4 Re2+ 32. R1d2 Qe7 33. Rxe2 Qxe2+
34. Rd2 Qe1 35. Ba4 Qf1 36. Rd1 Qf2+ 37. Rd2 Qa7 38. Bb3 Nc6 1/2-1/2

[Event "Baku Open 2013"]
[Site "Baku AZE"]
[Date "2013.09.20"]
[Round "2.17"]
[White "Korneev, Oleg"]
[Black "Noroozi, Omid"]
[Result "1-0"]
[WhiteTitle "GM"]
[WhiteElo "2621"]
[BlackElo "2385"]
[WhiteFideId "4156803"]
[BlackFideId "12501190"]
[EventDate "2013.09.19"]

1. e4 c5 2. Nf3 d6 3. d4 cxd4 4. Nxd4 Nf6 5. Nc3 a6 6. Be3 e5 7. Nf3 Be7 8. Bc4
O-O 9. O-O Be6 10. Bb3 b5 11. Bg5 Nbd7 12. Re1 Rc8 13. a3 Ne8 14. Be3 h6 15. h3
Qc7 16. a4 b4 17. Nd5 Bxd5 18. Qxd5 Nef6 19. Qd3 Rfd8 20. Nh4 d5 21. Nf5 Bf8 22.
exd5 Qb7 23. d6 e4 24. Qd2 Nc5 25. Bxc5 Rxc5 26. Qf4 Kh7 27. g4 g5 28. Qe3 Rxf5
29. gxf5 Bxd6 30. Rad1 Qe7 31. Bd5 Bc5 32. Qb3 Kg7 33. Qc4 Qc7 34. Kg2 Nh5 35.
Bxf7 Nf4+ 36. Kf1 Rf8 37. Be6 Qb6 38. Qxe4 1-0

[Event "Baku Open 2013"]
[Site "Baku AZE"]
[Date "2013.09.20"]
[Round "2.18"]
[White "Solak, Dragan"]
[Black "Guliev, Logman"]
[Result "1-0"]
[WhiteTitle "GM"]
[BlackTitle "IM"]
[WhiteElo "2615"]
[BlackElo "2380"]
[WhiteFideId "916811"]
[BlackFideId "13400061"]
[EventDate "2013.09.19"]

1. e4 c5 2. Nf3 d6 3. d4 cxd4 4. Nxd4 Nf6 5. Nc3 a6 6. Bg5 e6 7. f4 Nc6 8. Nxc6
bxc6 9. e5 h6 10. Bh4 dxe5 11. Qxd8+ Kxd8 12. fxe5 g5 13. Bg3 Nh5 14. Bf2 Kc7
15. g3 Ng7 16. Bd3 Nf5 17. g4 Ne7 18. Rf1 Bd7 19. Bg3 Be8 20. Ne4 Nd5 21. Nd6 f6
22. Nc4 Nf4 23. exf6 h5 24. Bxf4+ gxf4 25. g5 Rd8 26. Rxf4 h4 27. g6 Bb4+ 28.
Kf1 e5 29. Nxe5 Bd6 30. Re1 Rh5 31. Rf5 1-0

[Event "Baku Open 2013"]
[Site "Baku AZE"]
[Date "2013.09.20"]
[Round "2.19"]
[White "Izzat, Kanan"]
[Black "Pantsulaia, Levan"]
[Result "1/2-1/2"]
[WhiteTitle "FM"]
[BlackTitle "GM"]
[WhiteElo "2347"]
[BlackElo "2596"]
[WhiteFideId "13405209"]
[BlackFideId "13602071"]
[EventDate "2013.09.19"]

1. d4 Nf6 2. Nf3 e6 3. c4 c5 4. e3 g6 5. Nc3 Bg7 6. Be2 O-O 7. O-O b6 8. e4 d6
9. e5 dxe5 10. Nxe5 cxd4 11. Bf3 dxc3 12. Bxa8 Qc7 13. Re1 Nh5 14. Qe2 Nd7 15.
Nxd7 Bxd7 16. Be4 f5 17. Bf3 cxb2 18. Bxb2 Nf4 19. Qd2 Bxb2 20. Qxb2 Nd3 21. Qd4
Nxe1 22. Rxe1 Bc8 23. h4 Rd8 24. Qf6 Rd2 25. Bd5 Qf4 26. Rxe6 Qxf2+ 27. Kh1 Qf1+
28. Kh2 Qf4+ 29. Kh1 1/2-1/2

[Event "Baku Open 2013"]
[Site "Baku AZE"]
[Date "2013.09.20"]
[Round "2.20"]
[White "Gagunashvili, Merab"]
[Black "Omar, Noaman"]
[Result "0-1"]
[WhiteTitle "GM"]
[BlackTitle "IM"]
[WhiteElo "2585"]
[BlackElo "2362"]
[WhiteFideId "13601652"]
[BlackFideId "9300244"]
[EventDate "2013.09.19"]

1. d4 Nf6 2. c4 e6 3. Nc3 Bb4 4. Qc2 d6 5. Bd2 c5 6. a3 Bxc3 7. Bxc3 O-O 8. Rd1
Qe7 9. Nf3 Nc6 10. e3 e5 11. d5 Nd4 12. exd4 exd4+ 13. Be2 dxc3 14. Qxc3 Bf5 15.
Nh4 Bd7 16. Qe3 Qxe3 17. fxe3 Rfe8 18. Rd3 b5 19. Rb3 bxc4 20. Bxc4 Re4 0-1

[Event "Baku Open 2013"]
[Site "Baku AZE"]
[Date "2013.09.20"]
[Round "2.22"]
[White "Mikheev, Stanislav"]
[Black "Shanava, Konstantine"]
[Result "0-1"]
[WhiteTitle "IM"]
[BlackTitle "GM"]
[WhiteElo "2259"]
[BlackElo "2567"]
[WhiteFideId "4135920"]
[BlackFideId "13601784"]
[EventDate "2013.09.19"]

1. d4 g6 2. c4 Bg7 3. Nc3 c5 4. d5 d6 5. e4 e6 6. Nf3 Ne7 7. h4 h6 8. Be2 exd5
9. cxd5 a6 10. a4 O-O 11. Bf4 Bg4 12. Nd2 Bxe2 13. Qxe2 Re8 14. Qd3 Nd7 15. Nc4
Nc8 16. Kf1 Ndb6 17. Ne3 Qf6 18. Bg3 Qd4 19. Qc2 Nc4 20. Nxc4 Qxc4+ 21. Qe2 Nb6
22. f3 f5 23. a5 Bxc3 24. axb6 Qxe2+ 25. Kxe2 Bxb2 26. Ra2 Be5 27. Bxe5 Rxe5 28.
Kd3 Rae8 29. Ra4 Kf7 30. g4 Kf6 31. Rg1 R5e7 32. Rg2 Rf7 33. Raa2 fxe4+ 34. fxe4
Ke5 35. Ke3 Ref8 36. Rg3 Rf1 37. g5 h5 38. Rgg2 R8f4 0-1

[Event "Baku Open 2013"]
[Site "Baku AZE"]
[Date "2013.09.20"]
[Round "2.23"]
[White "Heydarli, Kanan"]
[Black "Artemiev, Vladislav"]
[Result "0-1"]
[WhiteTitle "IM"]
[BlackTitle "IM"]
[WhiteElo "2278"]
[BlackElo "2560"]
[WhiteFideId "13404423"]
[BlackFideId "24101605"]
[EventDate "2013.09.19"]

1. d4 Nf6 2. c4 g6 3. Nc3 d5 4. cxd5 Nxd5 5. e4 Nb6 6. Nf3 Bg7 7. Be2 Bg4 8. Be3
O-O 9. O-O Nc6 10. d5 Bxf3 11. Bxf3 Ne5 12. Bxb6 axb6 13. Be2 Nd7 14. Na4 c6 15.
dxc6 bxc6 16. Qc2 b5 17. Nc5 Nxc5 18. Qxc5 Bxb2 19. Rad1 Qe8 20. Qc2 Bg7 21. f4
Ra4 22. e5 Qa8 23. Rd2 Qa5 24. Rfd1 Qb6+ 25. Kh1 Rxf4 26. Rd7 e6 27. g3 Rf5 28.
R7d6 Rxe5 29. Bf3 Rc5 30. Qe4 b4 31. Rxc6 Rxc6 32. Qxc6 Qf2 33. Qe4 Rc8 34. Bg2
Bf8 35. Rf1 Qa7 36. Qe2 Rc5 37. Rd1 Qc7 38. Qa6 h5 39. Rf1 Ra5 40. Qe2 Qa7 41.
Be4 Rxa2 42. Qf3 Ra1 43. Bc2 Rxf1+ 44. Qxf1 b3 45. Be4 b2 46. Qd3 f5 0-1

[Event "Baku Open 2013"]
[Site "Baku AZE"]
[Date "2013.09.20"]
[Round "2.24"]
[White "Durarbayli, Vasif"]
[Black "Mammadova, Gulnar"]
[Result "1/2-1/2"]
[WhiteTitle "GM"]
[BlackTitle "WGM"]
[WhiteElo "2567"]
[BlackElo "2349"]
[WhiteFideId "13402935"]
[BlackFideId "13403508"]
[EventDate "2013.09.19"]

1. e4 e6 2. d4 d5 3. Nc3 Bb4 4. e5 c5 5. a3 Bxc3+ 6. bxc3 Qc7 7. Qg4 Ne7 8. Nf3
cxd4 9. Qxd4 Nbc6 10. Qc5 Ng6 11. Qd6 Qxd6 12. exd6 Kd7 13. c4 Kxd6 14. Bb2 f6
15. O-O-O Nge7 16. g4 h6 17. Rg1 Kc7 18. cxd5 Nxd5 19. h4 Nde7 20. Nd4 e5 21.
Nb5+ Kb6 22. a4 a6 23. Nd6 Be6 24. Bc4 Bxc4 25. Nxc4+ Kc5 26. Nd6 b5 27. Rge1
Kb6 28. Re4 Rhd8 29. Ba3 Nc8 30. Nf5 Rxd1+ 31. Kxd1 Ra7 32. Bf8 Rd7+ 33. Kc1 g6
34. Nxh6 N8e7 35. axb5 axb5 36. Bxe7 Rxe7 37. Ng8 Rf7 38. Re3 Rf8 39. Nh6 b4 40.
h5 gxh5 41. gxh5 Rh8 42. Ng4 Rxh5 43. Nxf6 Rf5 44. Ne4 Nd4 45. Kd2 Rf8 46. Kd3
Kc6 47. Rh3 Kd5 48. c3 bxc3 49. Nxc3+ Ke6 50. Rh6+ Rf6 51. Rxf6+ Kxf6 1/2-1/2

[Event "Baku Open 2013"]
[Site "Baku AZE"]
[Date "2013.09.20"]
[Round "2.25"]
[White "Maghalashvili, Davit"]
[Black "Nasri, Amin"]
[Result "1-0"]
[WhiteTitle "IM"]
[WhiteElo "2502"]
[BlackElo "2347"]
[WhiteFideId "13602276"]
[BlackFideId "12501972"]
[EventDate "2013.09.19"]

1. Nf3 Nf6 2. g3 d5 3. Bg2 c6 4. O-O Bg4 5. d3 Nbd7 6. Nbd2 e5 7. e4 dxe4 8.
dxe4 Be7 9. h3 Bh5 10. Qe1 O-O 11. Nc4 Qc7 12. a4 Rfd8 13. Nh4 Ne8 14. Nf5 Bf8
15. f4 f6 16. fxe5 Bf7 17. e6 Bxe6 18. Bf4 Ne5 19. Nxe5 fxe5 20. Bg5 Rd7 21. Qc3
h6 22. Be3 Rf7 23. a5 Kh7 24. Nh4 Rxf1+ 25. Rxf1 Nf6 26. g4 Nd7 27. g5 Be7 28.
g6+ Kh8 29. Nf5 Bf6 30. h4 Bxf5 31. Rxf5 Qd6 32. Qe1 Nf8 33. h5 Ne6 34. Kh2 Bg5
35. Rf7 Bf4+ 36. Bxf4 Nxf4 37. Bf3 Rf8 38. Qd1 Qc5 39. Rxf8+ Qxf8 40. Qd7 Ne2
41. Qf7 1-0

[Event "Baku Open 2013"]
[Site "Baku AZE"]
[Date "2013.09.20"]
[Round "2.26"]
[White "Rzayev, Bahruz"]
[Black "Aghayev, Miragha"]
[Result "1/2-1/2"]
[WhiteTitle "IM"]
[BlackTitle "FM"]
[WhiteElo "2464"]
[BlackElo "2309"]
[WhiteFideId "13403036"]
[BlackFideId "818070"]
[EventDate "2013.09.19"]

1. e4 c5 2. Nf3 d6 3. d4 cxd4 4. Nxd4 Nf6 5. Nc3 a6 6. Be2 e5 7. Nb3 Be7 8. Bg5
Nbd7 9. Qd2 O-O 10. a4 h6 11. Be3 b6 12. O-O Bb7 13. f3 Qc7 14. Rfd1 Rac8 15.
Bf1 Rcd8 16. Qf2 Nc5 17. Nc1 d5 18. exd5 Nxd5 19. Nxd5 Rxd5 20. Rxd5 Bxd5 21.
Nd3 Nd7 22. Qd2 a5 23. Nb4 Bxb4 24. Qxd5 Bc5 25. Re1 Nf6 26. Qc4 Rc8 27. Bxc5
Qxc5+ 28. Qxc5 Rxc5 29. c3 Rd5 30. b4 axb4 31. cxb4 Rd4 32. a5 Rxb4 33. a6 Ra4
34. Rxe5 Kf8 35. Re1 Ra3 36. Rc1 Nd5 37. Rc8+ Ke7 38. Rb8 Ra1 39. Kf2 Ra2+ 40.
Kg3 Ra1 41. Kf2 Ra2+ 42. Kg3 Ra1 43. Bc4 Ne3 44. Rb7+ Kd6 45. Be2 Nf5+ 46. Kf2
Nd4 47. Bd3 Ra3 48. Bf1 b5 49. Rxf7 Rxa6 50. Bd3 Ra2+ 51. Kg3 Rd2 52. Be4 Ne2+
53. Kh4 Nf4 54. Kg4 Ne6 55. f4 Rd4 56. Kf3 b4 57. Ra7 b3 58. Ra6+ Ke7 59. Rb6
Nc5 60. Bg6 Rd2 61. h4 b2 62. h5 Nd7 63. Rb7 Ke6 64. g4 Nc5 65. Rxg7 Rd1 66. Ke2
b1=Q 67. Bxb1 Rxb1 68. Ke3 Kd5 69. g5 Rb3+ 70. Ke2 hxg5 71. fxg5 Ne6 72. Rd7+
Kc6 1/2-1/2

[Event "Baku Open 2013"]
[Site "Baku AZE"]
[Date "2013.09.20"]
[Round "2.27"]
[White "Guliev, Sarhan"]
[Black "Mamedjarova, Zeinab"]
[Result "1/2-1/2"]
[WhiteTitle "GM"]
[BlackTitle "WGM"]
[WhiteElo "2460"]
[BlackElo "2268"]
[WhiteFideId "13400231"]
[BlackFideId "13401521"]
[EventDate "2013.09.19"]

1. d4 d5 2. c4 e6 3. Nc3 c6 4. e3 f5 5. Bd3 Nf6 6. f4 Bd6 7. Nf3 O-O 8. O-O Qe7
9. Bd2 Ne4 10. Be1 Nd7 11. Qe2 b6 12. Bh4 Qe8 13. Ne5 Ndf6 14. Rac1 Bb7 15. cxd5
exd5 16. Bxf6 gxf6 17. Nf3 Bc8 18. Nh4 Bd7 19. Qf3 Kh8 20. Qh3 Rg8 21. Be2 Rg7
22. Kh1 Nd2 23. Rfd1 Ne4 24. Nxe4 fxe4 25. g4 Qf7 26. a3 Rag8 27. f5 c5 28. Ng6+
Rxg6 29. fxg6 Rxg6 30. dxc5 bxc5 31. Qh5 Be6 32. Rf1 d4 33. exd4 cxd4 34. Rc6
Qd7 35. Bb5 Bxg4 36. Qd5 Bf3+ 37. Rxf3 Qg4 38. Rc8+ Qxc8 39. Qxe4 Be5 40. Rf1
Qh3 41. Rf2 Qe3 42. Qxe3 dxe3 43. Rg2 Rxg2 44. Kxg2 Bxb2 45. a4 1/2-1/2

[Event "Baku Open 2013"]
[Site "Baku AZE"]
[Date "2013.09.20"]
[Round "2.28"]
[White "Javakhishvili, Lela"]
[Black "Umudova, Nargiz"]
[Result "0-1"]
[WhiteTitle "IM"]
[BlackTitle "WIM"]
[WhiteElo "2459"]
[BlackElo "2256"]
[WhiteFideId "13601458"]
[BlackFideId "13402137"]
[EventDate "2013.09.19"]

1. d4 Nf6 2. Nf3 e6 3. c4 Bb4+ 4. Nbd2 d5 5. Qa4+ Nc6 6. a3 Bxd2+ 7. Bxd2 Ne4 8.
e3 O-O 9. Qc2 e5 10. dxe5 Bf5 11. cxd5 Qxd5 12. Bc4 Nxd2 13. Nxd2 Qxg2 14. Qxf5
Qxh1+ 15. Nf1 g6 16. Qf4 Rae8 17. O-O-O Nxe5 18. Bb5 Re6 19. Be2 Qc6+ 20. Kb1
Rfe8 21. Nd2 Rd8 22. Qh4 Qe8 23. Ne4 Rxd1+ 24. Bxd1 Qe7 25. Ng5 h5 26. f4 Nc4
27. f5 Rb6 28. Qxc4 Qxg5 29. fxg6 Qxg6+ 30. Bc2 Rc6 31. Qb3 Rxc2 32. Qxc2 Qxc2+
33. Kxc2 Kg7 34. Kd3 Kf6 35. Ke4 Ke6 36. Kf4 f6 37. b4 c6 38. Ke4 b6 39. Kd4 f5
40. a4 Kd6 41. e4 c5+ 42. bxc5+ bxc5+ 43. Kd3 f4 0-1

[Event "Baku Open 2013"]
[Site "Baku AZE"]
[Date "2013.09.20"]
[Round "2.29"]
[White "Mahdavirad, Mehdi"]
[Black "Pourramezanali, Amirreza"]
[Result "1-0"]
[BlackTitle "FM"]
[WhiteElo "2252"]
[BlackElo "2455"]
[WhiteFideId "12502669"]
[BlackFideId "12511412"]
[EventDate "2013.09.19"]

1. c4 Nf6 2. Nf3 c6 3. g3 d5 4. Bg2 Bg4 5. Ne5 Bf5 6. cxd5 cxd5 7. Nc3 Nc6 8.
Nxc6 bxc6 9. d3 e5 10. e4 Bg4 11. Qa4 Bd7 12. O-O d4 13. Nb1 c5 14. Qc2 Bd6 15.
Na3 O-O 16. Nc4 Be6 17. Bg5 Bxc4 18. Qxc4 h6 19. Bd2 Qb6 20. Rab1 a5 21. Bh3
Rfb8 22. f4 Qb5 23. Qxb5 Rxb5 24. fxe5 Bxe5 25. Rf5 Re8 26. Rxf6 Bxf6 27. Bd7
Reb8 28. Bxb5 Rxb5 29. Kf2 a4 30. Ke2 Bg5 31. Bxg5 hxg5 32. Kd2 Rb6 33. Kc2 Rh6
34. Rh1 Rf6 35. Rd1 Kf8 36. a3 Ke7 37. Rd2 Rb6 38. Rf2 g6 39. h4 gxh4 40. gxh4
Rb8 41. Rf4 Rh8 42. Rg4 Rh6 43. b3 f5 44. exf5 gxf5 45. Rf4 Ke6 46. bxa4 Ke5 47.
Rf2 Rf6 48. Kb3 Kd5 49. a5 c4+ 50. dxc4+ Ke4 51. h5 f4 52. Rh2 f3 53. a6 f2 54.
a7 f1=Q 55. a8=Q+ Kd3 56. Qh1 Rb6+ 57. Ka2 Qxh1 58. Rxh1 Kxc4 59. h6 Rb8 60. h7
Rh8 61. Kb2 Kd3 62. Kc1 Kc3 63. Rh3+ d3 64. Kd1 Kd4 65. Kd2 Ke4 66. a4 Kf5 67.
a5 Kg6 68. a6 Kf7 69. a7 Kg7 1-0

[Event "Baku Open 2013"]
[Site "Baku AZE"]
[Date "2013.09.20"]
[Round "2.30"]
[White "Bayramov, Vugar"]
[Black "Anurag, Mhamal"]
[Result "0-1"]
[BlackTitle "FM"]
[WhiteElo "2245"]
[BlackElo "2426"]
[WhiteFideId "13400916"]
[BlackFideId "5024366"]
[EventDate "2013.09.19"]

1. d4 Nf6 2. Nf3 d6 3. Bf4 Bg4 4. e3 Nbd7 5. h3 Bxf3 6. Qxf3 c6 7. Nd2 g6 8. Bc4
Bg7 9. O-O O-O 10. a4 Nh5 11. Bg5 Qa5 12. Qg4 Nhf6 13. Bxf6 Nxf6 14. Nb3 Qc7 15.
Qh4 d5 16. Bd3 e5 17. f4 exd4 18. exd4 Rae8 19. Rae1 Nh5 20. f5 Bh6 21. Rf3 Bg5
22. Qf2 Bf4 23. Rxe8 Rxe8 24. g4 Bg3 25. Qd2 Re1+ 26. Rf1 Rxf1+ 27. Bxf1 Bf4 28.
Qe1 Nf6 29. Bd3 b6 30. c4 dxc4 31. Bxc4 Kg7 32. Qe2 Qd6 33. fxg6 hxg6 34. Qf3 g5
35. Kg2 Qb4 36. Qxc6 Qe1 37. Qf3 Ne4 38. d5 Be3 39. Bf1 a5 40. d6 Nxd6 41. Qe2
Qxe2+ 42. Bxe2 Kf6 43. Kf3 Bf4 44. Bf1 Ke5 45. Bd3 Kd5 46. h4 Nc4 47. Be4+ Kd6
48. hxg5 Bxg5 49. Bc2 Nxb2 50. Ke4 Nxa4 51. Nxa5 Nc5+ 52. Kf5 bxa5 53. Kxg5 Ke5
54. Kh6 f6 0-1

[Event "Baku Open 2013"]
[Site "Baku AZE"]
[Date "2013.09.20"]
[Round "2.31"]
[White "Kanter, Eduard"]
[Black "Abdulla, Khayala"]
[Result "1-0"]
[WhiteTitle "IM"]
[BlackTitle "WIM"]
[WhiteElo "2417"]
[BlackElo "2249"]
[WhiteFideId "4103963"]
[BlackFideId "13401807"]
[EventDate "2013.09.19"]

1. d4 Nf6 2. c4 e6 3. g3 d5 4. Nf3 Bb4+ 5. Bd2 Be7 6. Bg2 O-O 7. O-O b6 8. Nc3
Bb7 9. cxd5 exd5 10. Rc1 Nbd7 11. Bf4 c6 12. Qb3 Nh5 13. Bd2 Nhf6 14. Bf4 Nh5
15. Be3 Bd6 16. Bg5 f6 17. Bd2 Kh8 18. e4 dxe4 19. Nxe4 Bc7 20. Rfe1 Rb8 21. Qe6
Re8 22. Qf7 g6 23. Neg5 Ng7 24. Rxe8+ Qxe8 25. Re1 Qxf7 26. Nxf7+ Kg8 27. Re7
Bc8 28. Nh6+ Kh8 29. Bh3 Nf8 30. Nf7+ Kg8 31. Nh6+ Kh8 32. Bxc8 Rxc8 33. d5 Bd8
34. Nf7+ Kg8 35. Nh6+ Kh8 36. Nf7+ Kg8 37. Nxd8 Rxd8 38. dxc6 Nfe6 39. Rxa7 Rc8
40. Bc3 Nh5 41. Nd4 Nxd4 42. Bxd4 Rxc6 43. Rb7 f5 44. Rxb6 Rc7 45. Kg2 1-0

[Event "Baku Open 2013"]
[Site "Baku AZE"]
[Date "2013.09.20"]
[Round "2.32"]
[White "Kazimova, Narmin"]
[Black "Iskandarov, Misratdin"]
[Result "0-1"]
[WhiteTitle "WIM"]
[BlackTitle "IM"]
[WhiteElo "2225"]
[BlackElo "2406"]
[WhiteFideId "13402951"]
[BlackFideId "13400312"]
[EventDate "2013.09.19"]

1. Nf3 g6 2. c4 Bg7 3. d4 d6 4. g3 Nf6 5. Bg2 O-O 6. Nc3 Nc6 7. O-O Bf5 8. Ne1
Qd7 9. e4 Bh3 10. f4 Bxg2 11. Kxg2 e5 12. fxe5 dxe5 13. d5 Nd4 14. Nd3 Ne8 15.
Be3 Qe7 16. b3 c5 17. Qd2 Rc8 18. Rae1 Nd6 19. Bg1 a6 20. Na4 b5 21. Nab2 Qd7
22. Bxd4 cxd4 23. Qb4 a5 24. Qxa5 bxc4 25. bxc4 Nxc4 26. Nxc4 Rxc4 27. Rc1 Ra4
28. Qd2 Ra3 29. Rf3 Rfa8 30. Rc2 Qg4 31. Qe2 f5 32. Nf2 Qxf3+ 33. Qxf3 Rxf3 34.
Kxf3 Ra3+ 35. Kg2 Bf8 36. Rc8 Kf7 37. Rc7+ Ke8 38. Rc2 Bb4 39. Rb2 Bc5 40. Rc2
Rc3 41. Rd2 Re3 42. Rc2 Bd6 43. a4 fxe4 44. a5 d3 45. Rc1 Re2 46. Kf1 Rc2 47.
Re1 Rxf2+ 48. Kxf2 Bc5+ 49. Kf1 e3 50. Rb1 Kd7 51. a6 Kd6 52. Rb7 Bd4 53. Rb3 e4
54. Ra3 Ba7 55. Ra5 h5 56. h4 Bd4 57. Ra2 e2+ 58. Ke1 Be5 0-1

[Event "Baku Open 2013"]
[Site "Baku AZE"]
[Date "2013.09.20"]
[Round "2.33"]
[White "Babayev, Talib"]
[Black "Sevdimaliyev, Urfan"]
[Result "1-0"]
[WhiteTitle "IM"]
[BlackTitle "FM"]
[WhiteElo "2397"]
[BlackElo "2226"]
[WhiteFideId "13401432"]
[BlackFideId "13402463"]
[EventDate "2013.09.19"]

1. Nf3 Nf6 2. g3 g6 3. b3 Bg7 4. Bb2 O-O 5. Bg2 d5 6. c4 c6 7. O-O a5 8. d4 Ne4
9. Nfd2 Bf5 10. Nxe4 dxe4 11. e3 c5 12. Na3 cxd4 13. Bxd4 Nc6 14. Bxg7 Qxd1 15.
Rfxd1 Kxg7 16. Nb5 Ne5 17. Nc3 Bg4 18. Rd5 Nf3+ 19. Kh1 a4 20. Nxa4 Be6 21. Rdd1
Rfd8 22. Nc3 f5 23. Bxf3 exf3 24. Rxd8 Rxd8 25. Rd1 Rxd1+ 26. Nxd1 Kf6 27. Kg1
Ke5 28. Nc3 g5 29. Kf1 f4 30. gxf4+ gxf4 31. Ke1 h5 32. Kd2 h4 33. Nd5 Bxd5 34.
exf4+ Kxf4 35. cxd5 Ke4 36. h3 Kxd5 37. Kd3 e5 38. a3 b6 39. a4 Kc5 1-0

[Event "Baku Open 2013"]
[Site "Baku AZE"]
[Date "2013.09.20"]
[Round "2.34"]
[White "Darban, Morteza"]
[Black "Mammadzada, Gunay"]
[Result "1-0"]
[WhiteTitle "IM"]
[BlackTitle "WFM"]
[WhiteElo "2358"]
[BlackElo "2104"]
[WhiteFideId "12501816"]
[BlackFideId "13403729"]
[EventDate "2013.09.19"]

1. Nf3 c5 2. g3 b6 3. e4 Bb7 4. Nc3 Nf6 5. d3 e6 6. Bg2 d5 7. Bg5 Be7 8. e5 Nfd7
9. Bxe7 Qxe7 10. Nb5 O-O 11. Nc7 Nxe5 12. Nxa8 Nxf3+ 13. Qxf3 Bxa8 14. O-O Nc6
15. Qf4 e5 16. Qd2 e4 17. dxe4 dxe4 18. Rad1 Ne5 19. Rfe1 Qe6 20. b3 Qg6 21. Qd6
Qh5 22. Qe7 e3 23. Rd8 exf2+ 24. Kxf2 Ng4+ 25. Ke2 Ne5+ 26. Kd2 Qh6+ 27. Kc3 1-0

[Event "Baku Open 2013"]
[Site "Baku AZE"]
[Date "2013.09.21"]
[Round "3.2"]
[White "Rasulov, Vugar"]
[Black "Sutovsky, Emil"]
[Result "1-0"]
[WhiteTitle "GM"]
[BlackTitle "GM"]
[WhiteElo "2488"]
[BlackElo "2660"]
[WhiteFideId "13402390"]
[BlackFideId "2802007"]
[EventDate "2013.09.19"]

1. e4 c5 2. Nf3 d6 3. d4 cxd4 4. Nxd4 Nf6 5. Nc3 a6 6. Bg5 Nbd7 7. Bc4 e6 8. O-O
Qa5 9. Qd2 h6 10. Bh4 Be7 11. Rad1 Ne5 12. Bb3 g5 13. Bg3 Nh5 14. Ba4+ Kf8 15.
Bb3 Bd7 16. Qe2 g4 17. Bxe5 dxe5 18. Nf5 Nf6 19. Nxe7 Kxe7 20. f4 Qc5+ 21. Kh1
Rad8 22. Nd5+ exd5 23. fxe5 Bb5 24. exf6+ Ke8 25. Qxg4 Bxf1 26. Rxf1 Qd4 27. Qg7
Rf8 28. Bxd5 Qe5 29. h3 Rd7 30. Rf5 Qd6 31. Qxh6 Kd8 32. Qf4 b5 33. Qxd6 Rxd6
34. g4 Kd7 35. g5 Rc8 36. c3 b4 37. c4 1-0